00354nam a2200145Ia 4500008004100000020001900041082000800060100001800068245003500086250000600121260003500127300001000162500002400172650001200196230524s9999 xx 000 0 und d a97811316635643 bKAN aT.R. Kansakar 2aA course in English Phonetics  a1 aNoidabOrient Black Swanc2015 a161p; aQuantity Number: 1 aEnglish